|
|
|
|
| LEADER |
01124nam a2200313 a 4500 |
| 001 |
000391422 |
| 003 |
CZ BrMZK |
| 005 |
20210409122159.0 |
| 007 |
ta |
| 008 |
980115s1998 xr e p 0 eng d |
| 020 |
|
|
|a 80-7184-722-4
|
| 040 |
|
|
|a BOA001
|b cze
|
| 072 |
|
7 |
|a 61
|x Lékařské vědy. Lékařství
|2 Konspekt
|9 14
|
| 072 |
|
7 |
|a 37.016
|x Učební osnovy. Vyučovací předměty. Učebnice
|2 Konspekt
|9 22
|
| 080 |
|
|
|a 61:621.039.8
|2 MRF
|
| 080 |
|
|
|a (075.8)
|2 MRF
|
| 100 |
1 |
|
|a Lang, Otto,
|d 1960-
|7 nlk19990073483
|4 aut
|
| 245 |
1 |
0 |
|a Nuclear medicine.
|n 1,
|p Basic science /
|c Otto Lang
|
| 246 |
3 |
0 |
|a Basic science
|
| 250 |
|
|
|a 1. vyd.
|
| 260 |
|
|
|a Praha :
|b Karolinum,
|c 1998
|
| 300 |
|
|
|a 51 s. :
|b il. ;
|c 21 cm
|
| 500 |
|
|
|a Určeno pro posl. 3. lék. fak. Univ. Karlovy
|
| 650 |
0 |
7 |
|a nukleární medicína
|7 ph123364
|2 czenas
|
| 655 |
|
7 |
|a učebnice vysokých škol
|7 fd133772
|2 czenas
|
| 710 |
2 |
|
|a Univerzita Karlova.
|b Lékařská fakulta, 3.
|7 kn20010709368
|
| 910 |
|
|
|a BOA001
|b 2-1055.013,1
|
| 990 |
|
|
|a BK
|
| 996 |
6 |
|
|b 2610085568
|c 2-1055.013,1
|l MZK
|r Sklad / do 1 hodiny
|n 1
|p p.v.
|w 000391422
|u 000010
|a 1
|e BOA001
|j MZK50
|s P
|